Инженерная экология: общий курс; в 2 т.

Bibliographic Details
Main Author: Мазур И. И. Иван Иванович
Other Authors: Молдаванов О. И. Олег Иванович (редактор), Шишов В. Н. Виктор Николаевич, Мазур И. И.
Language:Russian
Published: Москва, Высшая школа, 1996
Format: MixedMaterials Book
KOHA link:https://koha.lib.tpu.ru/cgi-bin/koha/opac-detail.pl?biblionumber=34407

MARC

LEADER 00000nam1a2200000 4500
001 34407
005 20231030225232.0
035 |a (RuTPU)RU\TPU\book\34801 
035 |a BOOK00001452 
090 |a 34407 
100 |a 20011210d1996 m y0rusy50 ca 
101 0 |a rus 
102 |a RU 
200 1 |a Инженерная экология  |e общий курс  |e в 2 т.  |f И. И. Мазур, О. И. Молдаванов, В. Н. Шишов  |g под ред. И. И. Мазур 
210 |a Москва  |c Высшая школа  |d 1996 
700 1 |a Мазур  |b И. И.  |g Иван Иванович 
701 1 |a Молдаванов  |b О. И.  |g Олег Иванович 
701 1 |a Шишов  |b В. Н.  |g Виктор Николаевич 
702 1 |a Мазур  |b И. И.  |4 340 
801 0 |a RU  |b 63413507  |c 20011210  |g PSBO 
801 2 |a RU  |b 63413507  |c 20120704  |g PSBO 
942 |c BK